[Event "Clare Benedict Cup 22nd"]
[Site "Copenhagen"]
[Date "1977.??.??"]
[Round "6.1"]
[White "Ogaard, Leif"]
[Black "Wirthensohn, Heinz"]
[Result "1-0"]
[WhiteElo "2420"]
[BlackElo "2390"]
[PlyCount "89"]
[EventDate "1977.02.13"]
[EventType "team-tourn"]
[EventRounds "7"]
[EventCountry "DEN"]
[SourceTitle "EXT 2002"]
[Source "ChessBase"]
[SourceDate "2001.11.25"]
[SourceVersion "1"]
[SourceVersionDate "2001.11.25"]
[SourceQuality "1"]
[WhiteTeam "Norge"]
[BlackTeam "Schweiz"]
[WhiteTeamCountry "NOR"]
[BlackTeamCountry "SUI"]

1. d4 Nf6 2. c4 d6 3. Nc3 Nbd7 4. Nf3 g6 5. e4 e5 6. Be2 Bg7 7. O-O O-O 8. dxe5
dxe5 9. Be3 Ng4 10. Bg5 f6 11. Bd2 Nh6 12. b4 c6 13. c5 Qe7 14. Qb3+ Nf7 15.
Rfd1 Re8 16. Be3 Nf8 17. Nd2 Be6 18. Nc4 Red8 19. b5 Rxd1+ 20. Rxd1 Bh6 21.
Bxh6 Nxh6 22. Qa3 Nf7 23. Nd6 Qc7 24. Rb1 Nd8 25. h3 Kh8 26. b6 Qb8 27. Qb4
axb6 28. cxb6 c5 29. Qxc5 Nc6 30. a4 Nd7 31. Qa3 Nd4 32. Bd3 Nb3 33. Bb5 Nd4
34. Bxd7 Bxd7 35. Nf7+ Kg7 36. Qe7 Qe8 37. Qxe8 Bxe8 38. Nd6 Bc6 39. f3 Ne6 40.
Ndb5 Nc5 41. Rb4 Nd3 42. Rc4 Nb2 43. Rxc6 bxc6 44. a5 Nd3 45. Nc7 1-0

[Event "Clare Benedict Cup 22nd"]
[Site "Copenhagen"]
[Date "1977.??.??"]
[Round "6.2"]
[White "Clemens, Christian"]
[Black "Roth, Peter"]
[Result "1/2-1/2"]
[WhiteElo "2350"]
[BlackElo "2290"]
[PlyCount "24"]
[EventDate "1977.02.13"]
[EventType "team-tourn"]
[EventRounds "7"]
[EventCountry "DEN"]
[SourceTitle "EXT 2002"]
[Source "ChessBase"]
[SourceDate "2001.11.25"]
[SourceVersion "1"]
[SourceVersionDate "2001.11.25"]
[SourceQuality "1"]
[WhiteTeam "Vesttyskland"]
[BlackTeam "strig"]
[WhiteTeamCountry "GER"]
[BlackTeamCountry "AUT"]

1. g3 g6 2. Bg2 Bg7 3. c4 Nf6 4. Nc3 O-O 5. Nf3 c6 6. O-O d6 7. d3 a5 8. a3 e5
9. Rb1 Na6 10. b4 axb4 11. axb4 h6 12. Ba3 Nc7 1/2-1/2

[Event "Clare Benedict Cup 22nd"]
[Site "Copenhagen"]
[Date "1977.??.??"]
[Round "6.2"]
[White "Eising, Johannes"]
[Black "Janetschek, Karl"]
[Result "0-1"]
[WhiteElo "2390"]
[BlackElo "2335"]
[PlyCount "34"]
[EventDate "1977.02.13"]
[EventType "team-tourn"]
[EventRounds "7"]
[EventCountry "DEN"]
[SourceTitle "EXT 2002"]
[Source "ChessBase"]
[SourceDate "2001.11.25"]
[SourceVersion "1"]
[SourceVersionDate "2001.11.25"]
[SourceQuality "1"]
[WhiteTeam "Vesttyskland"]
[BlackTeam "strig"]
[WhiteTeamCountry "GER"]
[BlackTeamCountry "AUT"]

1. c4 e5 2. Nc3 Nf6 3. Nf3 Nc6 4. e3 Bb4 5. Qc2 Bxc3 6. Qxc3 Qe7 7. Be2 O-O 8.
O-O a5 9. d3 d5 10. Re1 e4 11. Nd4 Nb4 12. Nc2 dxc4 13. dxc4 c5 14. Nxb4 axb4
15. Qc2 Ng4 16. Bf1 b3 17. Qxb3 Qh4 0-1

[Event "Clare Benedict Cup 22nd"]
[Site "Copenhagen"]
[Date "1977.??.??"]
[Round "6.2"]
[White "Wittmann, Walter"]
[Black "Borngaesser, Rene"]
[Result "0-1"]
[WhiteElo "2340"]
[BlackElo "2365"]
[PlyCount "128"]
[EventDate "1977.02.13"]
[EventType "team-tourn"]
[EventRounds "7"]
[EventCountry "DEN"]
[SourceTitle "EXT 2002"]
[Source "ChessBase"]
[SourceDate "2001.11.25"]
[SourceVersion "1"]
[SourceVersionDate "2001.11.25"]
[SourceQuality "1"]
[WhiteTeam "strig"]
[BlackTeam "Vesttyskland"]
[WhiteTeamCountry "AUT"]
[BlackTeamCountry "GER"]

1. e4 e6 2. d4 d5 3. Nd2 Nc6 4. Ngf3 Nf6 5. e5 Nd7 6. Nb3 Be7 7. Bb5 Ncb8 8.
O-O b6 9. Bf4 a5 10. a4 Ba6 11. Qe2 c6 12. Bd3 Bxd3 13. Qxd3 Na6 14. c3 c5 15.
Qe3 h6 16. Rfe1 c4 17. Nc1 b5 18. axb5 Nc7 19. g4 Nxb5 20. Nd2 a4 21. Nb1 h5
22. h3 Nf8 23. Ne2 Ng6 24. Bg3 hxg4 25. hxg4 Kd7 26. Kg2 Qg8 27. Nd2 Nh4+ 28.
Bxh4 Rxh4 29. Qg3 g5 30. Ra2 Qh7 31. Nf3 Rh6 32. Rea1 Qe4 33. Kf1 a3 34. bxa3
Rxa3 35. Rxa3 Nxa3 36. Ne1 Rh4 37. f4 Rh1+ 38. Ng1 gxf4 39. Qf2 Qh7 40. Qf3 Qh2
41. Qg2 Rxg1+ 42. Qxg1 Qb2 43. Rd1 Bh4 44. Qg2 Qxc3 45. Qd2 Bxe1 46. Kxe1 Nc2+
47. Ke2 Qg3 48. Rf1 Qg2+ 49. Rf2 Qe4+ 50. Kf1 Ne3+ 51. Kg1 Qb1+ 52. Kh2 Nxg4+
53. Kg2 Nxf2 54. Qxf2 Qd3 55. Qb2 Qg3+ 56. Kf1 Qb3 57. Qa1 c3 58. Qa7+ Ke8 59.
Qa8+ Ke7 60. Qa7+ Kf8 61. Qa8+ Kg7 62. Qd8 Qd1+ 63. Kg2 Qg4+ 64. Kf2 Qg6 0-1

[Event "Clare Benedict Cup 22nd"]
[Site "Copenhagen"]
[Date "1977.??.??"]
[Round "7.4"]
[White "Eising, Johannes"]
[Black "Hamann, Svend"]
[Result "1/2-1/2"]
[WhiteElo "2390"]
[BlackElo "2465"]
[PlyCount "30"]
[EventDate "1977.02.13"]
[EventType "team-tourn"]
[EventRounds "7"]
[EventCountry "DEN"]
[SourceTitle "EXT 2002"]
[Source "ChessBase"]
[SourceDate "2001.11.25"]
[SourceVersion "1"]
[SourceVersionDate "2001.11.25"]
[SourceQuality "1"]
[WhiteTeam "Vesttyskland"]
[BlackTeam "Danmark"]
[WhiteTeamCountry "GER"]
[BlackTeamCountry "DEN"]

1. g3 d5 2. Bg2 Nf6 3. d3 e5 4. Nf3 Nc6 5. O-O Bg4 6. c4 Qd7 7. cxd5 Nxd5 8.
Nc3 Nb6 9. Be3 Be7 10. a4 a5 11. Rc1 O-O 12. Nb5 Nd5 13. Bc5 Rfe8 14. Bxe7 Rxe7
15. Rc5 Ndb4 1/2-1/2

[Event "Clare Benedict Cup 22nd"]
[Site "Copenhagen"]
[Date "1977.??.??"]
[Round "7.4"]
[White "Larsen, Bent"]
[Black "Lehmann, Heinz"]
[Result "1-0"]
[WhiteElo "2615"]
[BlackElo "2465"]
[PlyCount "77"]
[EventDate "1977.02.13"]
[EventType "team-tourn"]
[EventRounds "7"]
[EventCountry "DEN"]
[SourceTitle "EXT 2002"]
[Source "ChessBase"]
[SourceDate "2001.11.25"]
[SourceVersion "1"]
[SourceVersionDate "2001.11.25"]
[SourceQuality "1"]
[WhiteTeam "Danmark"]
[BlackTeam "Vesttyskland"]
[WhiteTeamCountry "DEN"]
[BlackTeamCountry "GER"]

1. d4 d5 2. c4 c6 3. Nc3 Nf6 4. cxd5 cxd5 5. Bf4 Nc6 6. e3 e6 7. Bd3 Be7 8. h3
a6 9. Nf3 Bd7 10. O-O O-O 11. Qe2 b5 12. Rfc1 Qb6 13. a4 Nb4 14. axb5 Nxd3 15.
Qxd3 Bxb5 16. Nxb5 axb5 17. Rxa8 Rxa8 18. Ne5 Qa6 19. Qc2 Bd6 20. Qc6 Qxc6 21.
Rxc6 Ne8 22. Nd3 Bxf4 23. Nxf4 Kf8 24. Rb6 Ra1+ 25. Kh2 Nc7 26. Rb7 Rc1 27. Nd3
Rc6 28. g4 h6 29. Kg3 Ke8 30. Nc5 e5 31. f4 exd4 32. exd4 Kd8 33. Rb8+ Ke7 34.
Rc8 Kd6 35. b4 Ne6 36. Rxc6+ Kxc6 37. Nxe6 fxe6 38. f5 exf5 39. gxf5 1-0

[Event "Clare Benedict Cup 22nd"]
[Site "Copenhagen"]
[Date "1977.??.??"]
[Round "7.4"]
[White "Rath, Ulrik"]
[Black "Borngaesser, Rene"]
[Result "1/2-1/2"]
[WhiteElo "2420"]
[BlackElo "2365"]
[PlyCount "35"]
[EventDate "1977.02.13"]
[EventType "team-tourn"]
[EventRounds "7"]
[EventCountry "DEN"]
[SourceTitle "EXT 2002"]
[Source "ChessBase"]
[SourceDate "2001.11.25"]
[SourceVersion "1"]
[SourceVersionDate "2001.11.25"]
[SourceQuality "1"]
[WhiteTeam "Danmark"]
[BlackTeam "Vesttyskland"]
[WhiteTeamCountry "DEN"]
[BlackTeamCountry "GER"]

1. d4 f5 2. Nc3 g6 3. e4 fxe4 4. Nxe4 d5 5. Ng5 Bg7 6. Bb5+ Nc6 7. Bf4 Nh6 8.
N1f3 O-O 9. Qd2 Rxf4 10. Qxf4 Nxd4 11. Nxd4 e5 12. Qd2 exd4 13. O-O c6 14. Bd3
Qd6 15. Rfe1 Bd7 16. g3 Rf8 17. Qe2 Bf6 18. f4 1/2-1/2

[Event "Clare Benedict Cup 22nd"]
[Site "Copenhagen"]
[Date "1977.??.??"]
[Round "7.2"]
[White "Bichsel, Walter"]
[Black "Stean, Michael"]
[Result "0-1"]
[WhiteElo "2265"]
[BlackElo "2485"]
[PlyCount "78"]
[EventDate "1977.02.13"]
[EventType "team-tourn"]
[EventRounds "7"]
[EventCountry "DEN"]
[SourceTitle "EXT 2002"]
[Source "ChessBase"]
[SourceDate "2001.11.25"]
[SourceVersion "1"]
[SourceVersionDate "2001.11.25"]
[SourceQuality "1"]
[WhiteTeam "Schweiz"]
[BlackTeam "England"]
[WhiteTeamCountry "SUI"]
[BlackTeamCountry "ENG"]

1. e4 c5 2. Nf3 d6 3. d4 cxd4 4. Nxd4 Nf6 5. Nc3 a6 6. Bg5 e6 7. f4 Qb6 8. Nb3
Be7 9. Qd4 Qxd4 10. Nxd4 b5 11. a3 Bb7 12. Bxf6 Bxf6 13. O-O-O Ke7 14. Nde2 Nd7
15. g3 Rhc8 16. Bg2 Rab8 17. Rd2 Nb6 18. Rhd1 Nc4 19. Rd3 a5 20. Bh1 b4 21. e5
bxc3 22. exf6+ gxf6 23. Rxc3 Nxb2 24. Rxc8 Bxc8 25. Rd4 Ba6 26. Nc3 Nc4 27. f5
Nxa3 28. fxe6 fxe6 29. Rh4 f5 30. Rxh7+ Kf6 31. Ra7 Rc8 32. Nd5+ exd5 33. Rxa6
Rxc2+ 34. Kd1 Rc5 35. Rxd6+ Ke5 36. Rd8 Nc4 37. h4 a4 38. h5 a3 39. Kc2 a2 0-1

[Event "Clare Benedict Cup 22nd"]
[Site "Copenhagen"]
[Date "1977.??.??"]
[Round "7.2"]
[White "Hartston, William Roland"]
[Black "Schauwecker, Meinrad"]
[Result "1-0"]
[WhiteElo "2475"]
[BlackElo "2340"]
[PlyCount "83"]
[EventDate "1977.02.13"]
[EventType "team-tourn"]
[EventRounds "7"]
[EventCountry "DEN"]
[SourceTitle "EXT 2002"]
[Source "ChessBase"]
[SourceDate "2001.11.25"]
[SourceVersion "1"]
[SourceVersionDate "2001.11.25"]
[SourceQuality "1"]
[WhiteTeam "England"]
[BlackTeam "Schweiz"]
[WhiteTeamCountry "ENG"]
[BlackTeamCountry "SUI"]

1. d4 Nf6 2. c4 e6 3. Nc3 Bb4 4. Bg5 h6 5. Bh4 c5 6. d5 Bxc3+ 7. bxc3 d6 8. e3
e5 9. f3 e4 10. f4 g5 11. Bg3 Qe7 12. Be2 Nbd7 13. Nh3 Rg8 14. a4 Nf8 15. Kd2
N6h7 16. Qb1 Ng6 17. Rf1 f5 18. Bh5 Kf8 19. fxg5 hxg5 20. Bg4 Nh4 21. Bxh4 gxh4
22. Be2 Ke8 23. Rf4 Nf8 24. Qe1 Rh8 25. Rf1 Ng6 26. Nf4 Ne5 27. g3 Kd8 28. gxh4
Rxh4 29. h3 Bd7 30. Rg1 Kc7 31. Rg3 Rah8 32. Qg1 R8h7 33. Qg2 Qf6 34. a5 Qh6
35. Rf1 Nf3+ 36. Bxf3 Rxf4 37. Rg6 Qh4 38. Qh2 Rg7 39. Rxg7 Rxf3 40. Qe2 Qxh3
41. Rxf3 exf3 42. Qf2 1-0

[Event "Clare Benedict Cup 22nd"]
[Site "Copenhagen"]
[Date "1977.??.??"]
[Round "7.2"]
[White "Rumens, David E"]
[Black "Ammann, Philipp"]
[Result "1-0"]
[WhiteElo "2270"]
[BlackElo "2230"]
[PlyCount "75"]
[EventDate "1977.02.13"]
[EventType "team-tourn"]
[EventRounds "7"]
[EventCountry "DEN"]
[SourceTitle "EXT 2002"]
[Source "ChessBase"]
[SourceDate "2001.11.25"]
[SourceVersion "1"]
[SourceVersionDate "2001.11.25"]
[SourceQuality "1"]
[WhiteTeam "England"]
[BlackTeam "Schweiz"]
[WhiteTeamCountry "ENG"]
[BlackTeamCountry "SUI"]

1. e4 c5 2. Nc3 e6 3. Bc4 Nc6 4. d3 Nf6 5. Bg5 Be7 6. Nf3 d6 7. O-O O-O 8. Qd2
Bd7 9. Rfe1 a6 10. d4 cxd4 11. Nxd4 Qa5 12. Nxc6 Bxc6 13. Nd5 Qd8 14. Nxe7+
Qxe7 15. Rad1 Rfd8 16. f3 h6 17. Bh4 d5 18. exd5 Qc5+ 19. Qd4 Qxd4+ 20. Rxd4 g5
21. dxc6 Rxd4 22. cxb7 Rb8 23. Bg3 Rxb7 24. Bxa6 Rbd7 25. Bb5 Rd8 26. Bc7 R8d5
27. c4 Rd1 28. Kf1 R5d2 29. Rxd1 Rxd1+ 30. Ke2 Rg1 31. g4 Rg2+ 32. Kd3 Kf8 33.
Bd6+ Kg7 34. Be5 Kg6 35. a4 h5 36. h3 Ng8 37. a5 f6 38. a6 1-0

[Event "Clare Benedict Cup 22nd"]
[Site "Copenhagen"]
[Date "1977.??.??"]
[Round "7.2"]
[White "Wirthensohn, Heinz"]
[Black "Keene, Raymond"]
[Result "1/2-1/2"]
[WhiteElo "2390"]
[BlackElo "2510"]
[PlyCount "45"]
[EventDate "1977.02.13"]
[EventType "team-tourn"]
[EventRounds "7"]
[EventCountry "DEN"]
[SourceTitle "EXT 2002"]
[Source "ChessBase"]
[SourceDate "2001.11.25"]
[SourceVersion "1"]
[SourceVersionDate "2001.11.25"]
[SourceQuality "1"]
[WhiteTeam "Schweiz"]
[BlackTeam "England"]
[WhiteTeamCountry "SUI"]
[BlackTeamCountry "ENG"]

1. d4 e6 2. Nf3 Nf6 3. c4 b6 4. Nc3 Bb7 5. Bg5 h6 6. Bh4 Bb4 7. e3 Bxc3+ 8.
bxc3 d6 9. Nd2 Nbd7 10. f3 Qe7 11. e4 g5 12. Bf2 e5 13. Bd3 Nh5 14. Nf1 f5 15.
d5 Nf4 16. Ne3 Nxd3+ 17. Qxd3 fxe4 18. fxe4 Nc5 19. Qc2 Bc8 20. Nf5 Bxf5 21.
exf5 Nd7 22. O-O Nf6 23. Kh1 1/2-1/2

[Event "Clare Benedict Cup 22nd"]
[Site "Copenhagen"]
[Date "1977.??.??"]
[Round "7.1"]
[White "Hoen, Ragnar Harald"]
[Black "Wittmann, Walter"]
[Result "1/2-1/2"]
[WhiteElo "2380"]
[BlackElo "2340"]
[PlyCount "28"]
[EventDate "1977.02.13"]
[EventType "team-tourn"]
[EventRounds "7"]
[EventCountry "DEN"]
[SourceTitle "EXT 2002"]
[Source "ChessBase"]
[SourceDate "2001.11.25"]
[SourceVersion "1"]
[SourceVersionDate "2001.11.25"]
[SourceQuality "1"]
[WhiteTeam "Norge"]
[BlackTeam "strig"]
[WhiteTeamCountry "NOR"]
[BlackTeamCountry "AUT"]

1. e4 e5 2. Nf3 Nc6 3. d4 exd4 4. Nxd4 Bc5 5. Be3 Qf6 6. c3 Nge7 7. g3 d5 8.
Bg2 Nxd4 9. cxd4 Bb4+ 10. Nc3 Bxc3+ 11. bxc3 dxe4 12. Bxe4 Bh3 13. Qh5 Qe6 14.
Qe5 c6 1/2-1/2

[Event "Clare Benedict Cup 22nd"]
[Site "Copenhagen"]
[Date "1977.??.??"]
[Round "7.1"]
[White "Janetschek, Karl"]
[Black "Ogaard, Leif"]
[Result "0-1"]
[WhiteElo "2335"]
[BlackElo "2420"]
[PlyCount "82"]
[EventDate "1977.02.13"]
[EventType "team-tourn"]
[EventRounds "7"]
[EventCountry "DEN"]
[SourceTitle "EXT 2002"]
[Source "ChessBase"]
[SourceDate "2001.11.25"]
[SourceVersion "1"]
[SourceVersionDate "2001.11.25"]
[SourceQuality "1"]
[WhiteTeam "strig"]
[BlackTeam "Norge"]
[WhiteTeamCountry "AUT"]
[BlackTeamCountry "NOR"]

1. e4 c5 2. Nf3 e6 3. d4 cxd4 4. Nxd4 Nc6 5. Nc3 a6 6. g3 d6 7. Bg2 Bd7 8. O-O
Nf6 9. Nde2 b5 10. b3 Be7 11. h3 O-O 12. Be3 Ne8 13. Qd2 Bf6 14. Rac1 Rc8 15.
f4 Qc7 16. Nd1 d5 17. Nf2 Be7 18. c4 dxc4 19. bxc4 Nd6 20. cxb5 axb5 21. Rfd1
Rfd8 22. Nd4 Qb8 23. Nxc6 Bxc6 24. Qe2 Nc4 25. Bd4 e5 26. fxe5 Nxe5 27. Ng4 Nc4
28. Ne3 Bg5 29. Nf5 Rxd4 30. Nxd4 Bxc1 31. Rxc1 Qxg3 32. a4 Qg5 33. Rc2 Qc5 34.
Qf2 bxa4 35. Nf5 Bb5 36. Qxc5 Rxc5 37. Nd6 Ba6 38. Bf1 Rg5+ 39. Kf2 Nxd6 40.
Bxa6 Nxe4+ 41. Ke3 Nd6 0-1

[Event "Clare Benedict Cup 22nd"]
[Site "Copenhagen"]
[Date "1977.??.??"]
[Round "7.1"]
[White "Stoppel, Franz"]
[Black "Helmers, Knut Jaran"]
[Result "1-0"]
[WhiteElo "2335"]
[BlackElo "2305"]
[PlyCount "63"]
[EventDate "1977.02.13"]
[EventType "team-tourn"]
[EventRounds "7"]
[EventCountry "DEN"]
[SourceTitle "EXT 2002"]
[Source "ChessBase"]
[SourceDate "2001.11.25"]
[SourceVersion "1"]
[SourceVersionDate "2001.11.25"]
[SourceQuality "1"]
[WhiteTeam "strig"]
[BlackTeam "Norge"]
[WhiteTeamCountry "AUT"]
[BlackTeamCountry "NOR"]

1. d4 Nf6 2. c4 e6 3. Nf3 b6 4. g3 Bb7 5. Bg2 d5 6. Ne5 Nfd7 7. Nxd7 Nxd7 8.
cxd5 exd5 9. O-O Be7 10. Nc3 c6 11. e4 dxe4 12. Nxe4 O-O 13. Be3 Nf6 14. Nxf6+
Bxf6 15. Rc1 Qd6 16. Qa4 Rfc8 17. Rfd1 a5 18. a3 b5 19. Qc2 a4 20. Qc5 Qd7 21.
h4 Be7 22. Qc2 b4 23. axb4 Bxb4 24. Be4 g6 25. h5 Ra5 26. hxg6 hxg6 27. Qc4 Bd6
28. Bxg6 Kg7 29. Be4 Ba6 30. Qc3 Rh5 31. Bg2 Rch8 32. d5+ 1-0

[Event "Clare Benedict Cup 22nd"]
[Site "Copenhagen"]
[Date "1977.??.??"]
[Round "7.3"]
[White "Bellon Lopez, Juan Manuel"]
[Black "Jansson, Borje"]
[Result "1/2-1/2"]
[WhiteElo "2415"]
[BlackElo "2380"]
[PlyCount "175"]
[EventDate "1977.02.13"]
[EventType "team-tourn"]
[EventRounds "7"]
[EventCountry "DEN"]
[SourceTitle "EXT 2002"]
[Source "ChessBase"]
[SourceDate "2001.11.25"]
[SourceVersion "1"]
[SourceVersionDate "2001.11.25"]
[SourceQuality "1"]
[WhiteTeam "Spanien"]
[BlackTeam "Sverige"]
[WhiteTeamCountry "ESP"]
[BlackTeamCountry "SWE"]

1. e4 d6 2. d4 Nf6 3. Nc3 g6 4. Be2 Bg7 5. Bf4 O-O 6. Qd2 Nc6 7. O-O-O Re8 8.
h4 e5 9. dxe5 Nxe5 10. f3 Be6 11. g4 Rb8 12. h5 Qe7 13. Bg5 b5 14. hxg6 fxg6
15. Nh3 b4 16. Nd5 Bxd5 17. exd5 Ned7 18. Nf4 Qe5 19. Bh6 Bh8 20. Rde1 Ne4 21.
Nd3 Nxd2 22. Nxe5 Rxe5 23. Bxd2 Nb6 24. f4 Ree8 25. Bb5 Rxe1+ 26. Rxe1 Kf8 27.
f5 Nxd5 28. Bc6 Ne7 29. Bd7 Ng8 30. g5 gxf5 31. Bxf5 Ne7 32. Bxh7 Be5 33. Be4
Kg7 34. Rh1 Ng6 35. Rh6 Nf8 36. b3 a5 37. Be3 Re8 38. Bc6 Bb2+ 39. Kd2 Bc1+ 40.
Kxc1 Rxe3 41. Rh4 Ne6 42. Kd2 Re5 43. Rc4 Rxg5 44. a3 Rc5 45. Rxc5 Nxc5 46.
axb4 axb4 47. Ke3 Ne6 48. Kd3 Kf6 49. Kc4 Ke5 50. Be8 c5 51. Bf7 Nd4 52. Bg6
Ne2 53. Bh5 Nc3 54. Bf3 Ne4 55. Bh5 d5+ 56. Kd3 Nf2+ 57. Ke3 Nh3 58. Bf7 Nf4
59. Bg8 d4+ 60. Kd2 Ke4 61. Bh7+ Kf3 62. Bg8 Kf2 63. Bf7 Ng2 64. Bg8 Ne3 65.
Bh7 Nf1+ 66. Kd1 Ke3 67. Bd3 Ng3 68. Ba6 Ne4 69. Bc4 Nd2 70. Ba6 d3 71. Bxd3
Nxb3 72. Bh7 Nd2 73. Bg8 c4 74. Bf7 c3 75. Kc1 Ke2 76. Bh5+ Ke1 77. Bf7 Nf3 78.
Bg6 Nd4 79. Bh7 Ne2+ 80. Kb1 Kd2 81. Bg6 Nd4 82. Bh7 b3 83. cxb3 Nxb3 84. Bg6
Nd4 85. Bh7 Nb5 86. Ka2 Nd6 87. Bg6 Nf7 88. Bf5 1/2-1/2

[Event "Clare Benedict Cup 22nd"]
[Site "Copenhagen"]
[Date "1977.??.??"]
[Round "7.3"]
[White "Schussler, Harry"]
[Black "Martin Gonzalez, Angel"]
[Result "0-1"]
[WhiteElo "2360"]
[BlackElo "2340"]
[PlyCount "56"]
[EventDate "1977.02.13"]
[EventType "team-tourn"]
[EventRounds "7"]
[EventCountry "DEN"]
[SourceTitle "EXT 2002"]
[Source "ChessBase"]
[SourceDate "2001.11.25"]
[SourceVersion "1"]
[SourceVersionDate "2001.11.25"]
[SourceQuality "1"]
[WhiteTeam "Sverige"]
[BlackTeam "Spanien"]
[WhiteTeamCountry "SWE"]
[BlackTeamCountry "ESP"]

1. e4 c5 2. Nf3 d6 3. d4 cxd4 4. Nxd4 Nf6 5. Nc3 g6 6. Be3 Bg7 7. f3 O-O 8. Qd2
Nc6 9. O-O-O Nxd4 10. Bxd4 Be6 11. Kb1 Qc7 12. g4 Rfc8 13. h4 Qa5 14. a3 Rab8
15. Ne2 Qa4 16. Nc3 Qa5 17. Ne2 Qa6 18. e5 dxe5 19. Ng3 Qa4 20. Bxe5 Ne4 21.
Nxe4 Bxe5 22. Ng5 Ba2+ 23. Kxa2 Rxc2 24. Bb5 Rxd2 25. Bxa4 Rxb2+ 26. Ka1 Rb4+
27. Ka2 Rxa4 28. Kb3 Ra6 0-1